000
00223nam a22000857a 4500
008
161020b xxu||||| |||| 00| 0 eng d
100
_9
909
_a
Verma.S.
245
_a
CCE. Mathematics-X
260
_a
New Delhi
_b
Chand Publications
_c
2012
999
_c
3563
_d
3563